<?xml version="1.0" encoding="UTF-8"?>
<record
    xmlns:xsi="http://www.w3.org/2001/XMLSchema-instance"
    xsi:schemaLocation="http://www.loc.gov/MARC21/slim http://www.loc.gov/standards/marcxml/schema/MARC21slim.xsd"
    xmlns="http://www.loc.gov/MARC21/slim">

  <leader>00453nam a2200169Ia 4500</leader>
  <controlfield tag="008">230718s9999    xx            000 0 und d</controlfield>
  <datafield tag="020" ind1=" " ind2=" ">
    <subfield code="a">9781259062957</subfield>
  </datafield>
  <datafield tag="041" ind1=" " ind2=" ">
    <subfield code="a">eng</subfield>
  </datafield>
  <datafield tag="082" ind1=" " ind2=" ">
    <subfield code="a">621.319'2</subfield>
    <subfield code="b">SIN</subfield>
  </datafield>
  <datafield tag="100" ind1=" " ind2=" ">
    <subfield code="a">Singh R.R.</subfield>
    <subfield code="9">170967</subfield>
  </datafield>
  <datafield tag="245" ind1=" " ind2=" ">
    <subfield code="a">Network Analysis And Synthesis</subfield>
  </datafield>
  <datafield tag="260" ind1=" " ind2=" ">
    <subfield code="c">2017</subfield>
    <subfield code="b">McGraw Hill</subfield>
  </datafield>
  <datafield tag="300" ind1=" " ind2=" ">
    <subfield code="a">1200</subfield>
  </datafield>
  <datafield tag="365" ind1=" " ind2=" ">
    <subfield code="c">Rs.</subfield>
    <subfield code="b">595.00</subfield>
  </datafield>
  <datafield tag="700" ind1=" " ind2=" ">
    <subfield code="a">Singh R.R.</subfield>
    <subfield code="9">170967</subfield>
  </datafield>
  <datafield tag="906" ind1=" " ind2=" ">
    <subfield code="d">O:0571304-Oct-2017B:471129-Sep-2017</subfield>
    <subfield code="c">SE</subfield>
    <subfield code="b">5831</subfield>
  </datafield>
  <datafield tag="999" ind1=" " ind2=" ">
    <subfield code="c">345577</subfield>
    <subfield code="d">345577</subfield>
  </datafield>
  <datafield tag="952" ind1=" " ind2=" ">
    <subfield code="0">0</subfield>
    <subfield code="1">0</subfield>
    <subfield code="4">0</subfield>
    <subfield code="7">0</subfield>
    <subfield code="a">CCEP</subfield>
    <subfield code="b">CCEP</subfield>
    <subfield code="d">2017-10-04</subfield>
    <subfield code="e">Vaibhav Book House</subfield>
    <subfield code="f">SE</subfield>
    <subfield code="g">428.40</subfield>
    <subfield code="i">4711</subfield>
    <subfield code="l">1</subfield>
    <subfield code="o">621.319'2</subfield>
    <subfield code="p">CCEP-BK-56784</subfield>
    <subfield code="r">2025-12-16 12:11:42</subfield>
    <subfield code="s">2025-11-07</subfield>
    <subfield code="t">5831</subfield>
    <subfield code="v">595.00</subfield>
    <subfield code="w">2017-09-29</subfield>
    <subfield code="y">BK</subfield>
    <subfield code="z">056784</subfield>
  </datafield>
</record>
